LEADER 01142nam a2200253 i 4500 001 000000000740 003 CaOOAMICUS 005 20220127115818.0 008 180830s1993 it u000 u ita u 020 $a887357-140-9 040 $aSeMil$bita 100 1 $aLessi-Ariosto, Mario .$0(OLS)http://semarc/name/89131 245 10$aDio volle, fece e vinse :$bGiuseppe Migliavacca (Arsenio M. da Trigolo, ofmc) 1849-1909 /$cMario Lessi-Ariosto. 264 1$a[Roma] :$bSuore di Maria SS.ma Consolatrice,$c1993. 264 1$aRoma :$bAdP,$c1993. 300 $a2 v. ;$c24 cm. 600 04$aArsenio : da Trigolo .$0(OLS)http://semarc/subject/40850 774 0 $tDocumenti ; Testimonianze.$gVol.2$w()46662 774 0 $t[Vol. 1].$g1$w()118212 996 $6020$a887357-140-9$9(OLS)http://semarc/number/67 996 $6245$aDio volle, fece e vinse :$bGiuseppe Migliavacca (Arsenio M. da Trigolo, ofmc) 1849-1909$9(OLS)http://semarc/title/1097 996 $6264$aRoma :$bAdP$9(OLS)http://semarc/publisher/32136 996 $6264$a[Roma] :$bSuore di Maria SS.ma Consolatrice$9(OLS)http://semarc/publisher/29986 LEADER 01183nam a2200205 i 4500 001 000000048138 003 CaOOAMICUS 005 20120502000000.0 008 120502s1928 xx u000 u lat u 013 $a19308 040 $aSeMil$bita 100 1 $aJannotta, Antonius Maria.$0(OLS)http://semarc/name/23879 245 10$aTheses :$bde assumptione corporea in coelum B. Virginis Mariae Deiparentis et De B. Virgine Maria Deiparente mediatrice universali apud Deum. Excerptae ex Theotocologia Catholica ejusdem auctoris et auctae /$cAntonius M.a Jannotta. 260 $aIsola del Liri :$bSoc. Tip. A. Macioce & Pisani,$c1928. 300 $a120 p. ;$c25 cm. 650 4$aMadonna - Assunzione.$0(OLS)http://semarc/subject/4528 850 $aSeMil 852 $aSeMil$W1$xVenegono$y1$m2D III 7$j14293$B14293$CSeMilBibl$Z2$F14293 $81 996 $6245$aTheses :$bde assumptione corporea in coelum B. Virginis Mariae Deiparentis et De B. Virgine Maria Deiparente mediatrice universali apud Deum. Excerptae ex Theotocologia Catholica ejusdem auctoris et auctae$9(OLS)http://semarc/title/72770 996 $6260$aIsola del Liri :$bSoc. Tip. A. Macioce & Pisani$9(OLS)http://semarc/publisher/34796